00301nam a2200121Ia 4500008004100000082001700041100002200058245004800080250000800128260002700136300000800163650000800171191201s2008 xx 000 0 und d a005.133bMUP aMUGHAL, Khalid A. 2aA programmer's Guide to Java Certification a9th aN.DelhibPearsonc2008 a661 aMCA